Las juderías medievales en la provincia de Guadalajara / (Record no. 39782)

MARC details
000 -LEADER
campo de control de longitud fija 00707nam a2200205 i 4500
001 - NÚMERO DE CONTROL
campo de control 39782
003 - IDENTIFICADOR DE NÚMERO DE CONTROL
campo de control ES-MaACL
005 - FECHA Y HORA DE LA ÚLTIMA TRANSACCIÓN
campo de control 20230906160100.0
007 - CAMPO FIJO DE DESCRIPCIÓN FÍSICA--INFORMACIÓN GENERAL
campo de control de longitud fija t|
008 - DATOS DE LONGITUD FIJA--INFORMACIÓN GENERAL
campo de control de longitud fija 030304s1973 sp ||||1| spa d
100 1# - ENTRADA PRINCIPAL--NOMBRE DE PERSONA
Nombre de persona Cantera Burgos, Francisco.
9 (RLIN) 34642
245 14 - MENCIÓN DEL TÍTULO
Título Las juderías medievales en la provincia de Guadalajara /
Mención de responsabilidad, etc. Francisco Cantera Burgos y Carlos Carrete Parrondo.
260 ## - PUBLICACIÓN, DISTRIBUCIÓN, ETC.
Lugar de publicación, distribución, etc. [Madrid] :
Nombre del editor, distribuidor, etc. Instituto Arias Montano,
Fecha de publicación, distribución, etc. 1973.
300 ## - DESCRIPCIÓN FÍSICA
Extensión 2 v. ;
Dimensiones 24 cm.
595 ## -
-- Tirada a parte de: Sefarad, v. 33-34
650 #4 - PUNTO DE ACCESO ADICIONAL DE MATERIA--TÉRMINO DE MATERIA
Término de materia o nombre geográfico como elemento de entrada Judíos-
Subdivisión geográfica Guadalajara (Provincia)
9 (RLIN) 174498
700 1# - ENTRADA AGREGADA--NOMBRE PERSONAL
Nombre de persona Carrete Parrondo, Carlos.
9 (RLIN) 35709
710 2# - ENTRADA AGREGADA--NOMBRE DE ENTIDAD CORPORATIVA
Nombre de entidad corporativa o nombre de jurisdicción como elemento de entrada Instituto "Arias Montano"
9 (RLIN) 4797
852 4# - LOCALIZACIÓN
Ubicación ES-MaACL
Número de control de estantería E-5294-95
Holdings
Estatus retirado Estado de pérdida Estado de daño No para préstamo Biblioteca de origen Biblioteca actual Ubicación en estantería Fecha de adquisición Fuente de adquisición Total de préstamos Signatura topográfica completa Código de barras Visto por última vez Precio de reemplazo Tipo de ítem Koha
        Biblioteca del Ateneo de Madrid Biblioteca del Ateneo de Madrid Depósito 2 17/01/2008     E-5294-95 1041893 23/02/2023 23/02/2023 Libro impreso